00539nai a2200157Ia 4500003000900000008004100009022002200050022002300072040001600095245004600111260003400157310001200191362002500203521006900228856008400297IN-BaIIA211028c9999 xx s 000 0 eng d a1351-5101 (Print) a1468-1331 (Online) cIIA Library 0aEuropean Journal Of Neurologyh[eJournal] aNew JerseybJohn Wiley & Sons aMonthly a3(1); 1996 - Present bSubscribed through National Knowledge Resource Consortium (NKRC) uhttps://onlinelibrary.wiley.com/journal/14681331yClick Here to Access eJournal